| Tag |
First Indicator |
Second Indicator |
Subfields |
| LEADER |
00000cam a2200000 a 4500 |
| 001 |
in00000628331 |
| 005 |
20151015061929.0 |
| 008 |
791023s1979 fr b i00000 engm |
| 010 |
|
|
|a 79317693
|
| 015 |
|
|
|a F***
|
| 020 |
|
|
|a 923101725X
|
| 035 |
|
|
|a (OCoLC)05707785
|
| 035 |
|
|
|9 ACV7589AM
|
| 040 |
|
|
|a DLC
|c DLC
|d m.c.
|d TXA
|d UtOrBLW
|
| 049 |
|
|
|a TXAM
|c [1479722]
|
| 050 |
0 |
0 |
|a Q125
|b .U475 no. 46
|
| 082 |
0 |
|
|a 338.4/7/5 s
|a 338.9
|
| 245 |
0 |
3 |
|a An Introduction to policy analysis in science and technology.
|
| 264 |
|
1 |
|a Paris :
|b Unesco,
|c 1979.
|
| 300 |
|
|
|a 93 pages :
|b illustrations ;
|c 30 cm.
|
| 336 |
|
|
|a text
|b txt
|2 rdacontent
|
| 337 |
|
|
|a unmediated
|b n
|2 rdamedia
|
| 338 |
|
|
|a volume
|b nc
|2 rdacarrier
|
| 490 |
1 |
|
|a Science policy studies and documents ;
|v no. 46
|
| 500 |
|
|
|a "[B. 12] SC.79.XIII.46/A"
|
| 504 |
|
|
|a Includes bibliographical references.
|
| 650 |
|
0 |
|a Science and state.
|
| 650 |
|
0 |
|a Technology and state.
|
| 710 |
2 |
|
|a Unesco.
|
| 830 |
|
0 |
|a Science policy studies and documents ;
|v no. 46.
|
| 999 |
|
|
|a MARS
|
| 999 |
f |
f |
|s 144df711-2b44-3910-99d5-797b7d9feecf
|i 1c27a363-81a5-3e6d-87d6-b24f2d237ba5
|t 0
|
| 952 |
f |
f |
|p ric
|a Texas A&M University
|b Rellis Campus
|c Joint Library Facility
|d Remote Storage
|t 0
|e Q125 .U475 no. 46
|h Library of Congress classification
|i unmediated -- volume
|m A14804392799
|
| 998 |
f |
f |
|a Q125 .U475 no. 46
|t 0
|l Remote Storage
|